000 00635nam a2200205 4500
001 109592
003 ES-MaACL
005 20250716063255.0
007 t|
008 061121s1962 sp |||| |bcat d
080 _a929(Oller y Moragas, Narciso)
080 _a821.134.1-94"19"
100 1 _aOller, Narcís,
_d1846-1930
_986912
245 1 0 _aMemòries literàries
_b: Història del meus llibres /
_cNarcís Oller ; pròleg de Gaziel [seud.].
260 _aBarcelona :
_bAedos,
_c[1962]
300 _a417 p., 15 lám. ;
_c24 cm.
700 0 _aGaziel.
_956163
852 _aES-MaACL
_jC-20988
999 _c109592
_d109592